000
00201 a2200097 4500
001
18961
100
_a
245
_a
Automobile workshop practice
260
_a
_b
Mc Graw Hill
_c
090
_c
14049
_d
14049
942
_a
NUST-CAE
_c
_c
4502
999
_c
254034
_d
254034